[Event "Rennes op 2nd"]
[Site "Rennes"]
[Date "2009.07.22"]
[Round "8"]
[White "Le Gallo, Frederic"]
[Black "Madeline, Nicolas"]
[Result "1-0"]
[WhiteElo "2041"]
[BlackElo "1653"]
[PlyCount "71"]
[EventDate "2009.07.15"]
[EventType "swiss"]
[EventRounds "9"]
[EventCountry "FRA"]
[SourceTitle "EXT 2011"]
[Source "ChessBase"]
[SourceDate "2010.11.26"]
[SourceVersion "1"]
[SourceVersionDate "2010.11.26"]
[SourceQuality "1"]

1. e4 e5 2. Nf3 Nc6 3. Bb5 a6 4. Ba4 Nf6 5. 0-0 b5 6. Bb3 Bc5 7. c3 0-0 8. d4 exd4 9. cxd4 Bb4 10. e5 Ne4 11. d5 Nxf2 12. Kxf2 Nxe5 13. Nxe5 Bc5+ 14. Be3 Qf6+ 15. Nf3 Bxe3+ 16. Kxe3 Qxb2 17. Nbd2 Qc3+ 18. Kf4 Qf6+ 19. Kg3 Qg6+ 20. Kf2 Qb6+ 21. Kg3 Qg6+ 22. Kf4 Re8 23. Re1 Qd6+ 24. Kg4 Qg6+ 25. Kh4 Qf6+ 26. Kg3 Qg6+ 27. Kf2 Qb6+ 28. Kf1 Rxe1+ 29. Qxe1 Bb7 30. Qe7 c5 31. dxc6 Qxc6 32. Qxf7+ Kh8 33. Re1 g5 34. Re8+ Rxe8 35. Qxe8+ Kg7 36. Qg8+ 1-0